000 00255nam a22001337a 4500
020 _a9780810458489
041 _aeng
080 _a53
090 _bTAL
100 _aTalley, David.
245 _aBasic Carrier Telephony.
250 _a3
999 _c280278
_d280278
942 _cBK